| 000 | 00471nam a2200169Ia 4500 | ||
|---|---|---|---|
| 999 |
_c26721 _d26721 |
||
| 003 | OSt | ||
| 005 | 20210105123302.0 | ||
| 008 | 190216s9999||||xx |||||||||||||| ||und|| | ||
| 040 | _coclc | ||
| 082 |
_a894.8122 _bTHI/T |
||
| 100 |
_aThiruvoth, Rajan _98155 |
||
| 245 | 0 |
_aThalathrayam / _cRajan Thiruvoth |
|
| 260 |
_bCurrent Book, _aKottayam: _c1985. |
||
| 300 | _a57p | ||
| 650 | _aNadakam | ||
| 942 |
_cBK _2ddc _h894.8122 _iTHI/T _k894.8122 _mTHI/T |
||